O historii głogóweckiej prasy słów kilka..
| Titel: | O historii głogóweckiej prasy słów kilka.. |
|---|---|
| Verfasser: | |
| In: |
Ziemia Prudnicka, (2005), Seite 85-87, fot. 3 alle Artikel anzeigen |
| Veröffentlicht: | 2005 |
| Format: | Aufsatz |
| Sprache: | Polnisch |
X
alg: 39459639 001A $01999:12-11-16 001B $03025:04-04-24 $t07:39:52.000 001D $01999:12-11-16 001U $0utf8 001X $00 002@ $0Aox 003@ $0394596390 007A $0394596390 $aHEB 007T $0Herdww028754 010@ $apol 011@ $a2005 021A $aO historii głogóweckiej prasy słów kilka.. 027A $aEinige Bemerkungen zur Geschichte der Presse Oberglogaus 028A $7 $8Młynarska, Henryka [Tnd] $9273621955 031A $h85-87, fot. 3 $j2005 037A $aXIX-XX w.039B $aIn $8--Abvc--. Ziemia Prudnicka. - Prudnik : Spółka Wydawn. "Aneks", 2002-. - ISSN 1642-977X $x200500000000000915 $9112106501 044K $ROberglogau $#Oberglogau $75057306-8 $8Głogówek [Tg1] $9044719264 045F $a020.94385 $eDDC23BSB 045F/01 $a020 045F/03 $g4385 045T $a7,41 046C $aEinige Bemerkungen zur Geschichte der Presse Oberglogaus $bÜbers. des Hauptsacht. lok: 39459639 78 exp: 39459639 78 1 #EPN 201B/01 $004-04-24 $t07:39:52.000 201U/01 $0utf8 203@/01 $0790706822 208@/01 $a12-11-16 $be 209A/01 $a/ $f000 $x00 220C/01 $aTitelaufnehmer: EV 220C/01 $aHerkunft: IH UWr 244Z/01 $2Trx $#Silesia $#Śląsk $#Sliezsko $#Slezsko $8--Trx--Schlesien $x01 $9391173987 244Z/01 $#Oberglogau $75057306-8 $8--Tg1--Głogówek $x02 $9044719264 244Z/01 $aGeschichte 1845-1939 $x03 244Z/01 $2Trx $#ajalehed $#spauda $#Print media $#sajtó $#prasa $#tlač $#tisk $#Zeitungen $#press $#gazety $8--Trx--Presse $x04 $9391383264 244Z/01 $2Trx $8--Trx--Zeitschriftenaufsatz $x05 $9391384341 245Z/01 $a11.06 $x01 247C/01 $82080>Marburg/Lahn, Herder-Institut, Forschungsbibliothek, Bibliographieportal $9336309341
| LEADER | 00000caa a22000002c 4500 | ||
|---|---|---|---|
| 001 | 394596390 | ||
| 003 | DE-603 | ||
| 005 | 20240404073952.0 | ||
| 007 | tu | ||
| 008 | 161112s2005 xx |||| | u00||u|pol c | ||
| 035 | |a (DE-599)HEB394596390 | ||
| 040 | |a DE-603 |b ger |c DE-603 |d DE-603 | ||
| 041 | |a pol | ||
| 082 | 0 | 4 | |8 1\u |a 020.94385 |q DE-101 |2 23/BSB |
| 084 | |a 7,41 |2 ssgn | ||
| 085 | |8 1\u |b 020 | ||
| 085 | |8 1\u |z 2 |s 4385 | ||
| 100 | 1 | |a Młynarska, Henryka |0 (DE-603)273621955 | |
| 245 | 0 | 0 | |a O historii głogóweckiej prasy słów kilka.. |
| 246 | 1 | |i Übers. des Hauptsacht. |a Einige Bemerkungen zur Geschichte der Presse Oberglogaus | |
| 246 | 1 | 3 | |a Einige Bemerkungen zur Geschichte der Presse Oberglogaus |
| 264 | 0 | |c 2005 | |
| 500 | |a XIX-XX w. <pol> | ||
| 651 | 7 | |a Głogówek |0 (DE-588)5057306-8 |0 (DE-603)044719264 |2 gnd | |
| 773 | 0 | 8 | |i In |t Ziemia Prudnicka |d Prudnik : Spółka Wydawn. "Aneks", 2002- |x 1642-977X |g (2005), Seite 85-87, fot. 3 |w (DE-603)112106501 |w (DE-600)2111590-4 |
| 924 | 0 | |9 2080 |a (DE-603)790706822 |b DE-2080 |c HES |d d |g / | |


